Normal view
MARC view
Entry Personal Name
001 - CONTROL NUMBER
- control field: 51675
003 - CONTROL NUMBER IDENTIFIER
- control field: ARRUPE
005 - DATE AND TIME OF LATEST TRANSACTION
- control field: 20220519114641.0
008 - FIXED-LENGTH DATA ELEMENTS
- fixed length control field: 220519|| aca||aabn | a|a d
040 ## - CATALOGING SOURCE
- Original cataloging agency: ARRUPE
- Transcribing agency: ARRUPE
100 ## - HEADING--PERSONAL NAME
- Personal name: Messenger, Ernest C.
- Fuller form of name: (Ernest Charles),
- Dates associated with a name: 1888-1951
670 ## - SOURCE DATA FOUND
- Source citation: Work cat.: (ARRUPE)131461: Messenger, Ernest C. (Ernest Charles), 1888-1951., Theology and evolution;, [1952]